[Event "Central America Carribean-ch U20 Girls"]
[Site "Porlamar"]
[Date "2015.08.27"]
[Round "7"]
[White "Quijada Amundarain, Edianny"]
[Black "Yepez Moreno, Catherine Celeste"]
[Result "1/2-1/2"]
[WhiteElo "1614"]
[BlackElo "1499"]
[PlyCount "67"]
[EventDate "2015.08.22"]
[EventType "swiss"]
[EventRounds "9"]
[EventCountry "VEN"]
[SourceTitle "EXT 2018"]
[Source "ChessBase"]
[SourceDate "2017.10.13"]
[SourceVersion "1"]
[SourceVersionDate "2017.10.13"]
[SourceQuality "1"]

1. c4 e5 2. Nc3 Nc6 3. Nf3 Bc5 4. g3 d6 5. Bg2 Nf6 6. 0-0 Be6 7. d3 h6 8. Qb3 Rb8 9. Rd1 0-0 10. e3 d5 11. Bf1 dxc4 12. dxc4 Qe7 13. Nd5 Bxd5 14. cxd5 Nd8 15. Bc4 c6 16. Qc3 e4 17. Nh4 Qd7 18. Ng2 Qf5 19. Nf4 Bd6 20. dxc6 Bxf4 21. exf4 Nxc6 22. Re1 Rfe8 23. Be2 Rbd8 24. Bd2 Nd4 25. Rad1 Nf3+ 26. Bxf3 exf3 27. Rxe8+ Rxe8 28. Qxf3 Qc2 29. Qb3 Qxb3 30. axb3 Rd8 31. Kf1 Rd3 32. b4 Ne4 33. Ke2 Rb3 34. Bc3 1/2-1/2

[Event "Central America Carribean-ch U20 Girls"]
[Site "Porlamar"]
[Date "2015.08.24"]
[Round "4"]
[White "Millan Gonzalez, Yuneitsy Del"]
[Black "Quijada Amundarain, Edianny"]
[Result "1-0"]
[WhiteElo "1697"]
[BlackElo "1614"]
[PlyCount "61"]
[EventDate "2015.08.22"]
[EventType "swiss"]
[EventRounds "9"]
[EventCountry "VEN"]
[SourceTitle "EXT 2018"]
[Source "ChessBase"]
[SourceDate "2017.10.13"]
[SourceVersion "1"]
[SourceVersionDate "2017.10.13"]
[SourceQuality "1"]

1. e4 c5 2. Nf3 Nc6 3. g3 Nf6 4. d3 d5 5. exd5 Nxd5 6. Bg2 g6 7. d4 Bg7 8. dxc5 Qa5+ 9. c3 Qxc5 10. 0-0 0-0 11. Nbd2 Bf5 12. Nh4 Bd3 13. Nb3 Qc4 14. Re1 Rad8 15. Nf3 Nf6 16. Bd2 Ne4 17. Be3 Rfe8 18. Qc1 Qb5 19. Nfd4 Qa6 20. Bxe4 Bxd4 21. Bxd4 Nxd4 22. Nxd4 e5 23. Nf3 Kg7 24. Bxd3 Qxd3 25. Nxe5 Qd5 26. Qf4 f6 27. Ng4 Re6 28. Rxe6 Qxe6 29. Qe3 Qc6 30. Qe7+ Kg8 31. Nxf6+ 1-0

[Event "Central America Carribean-ch U20 Girls"]
[Site "Porlamar"]
[Date "2015.08.24"]
[Round "5"]
[White "Quijada Amundarain, Edianny"]
[Black "Pesantes Villanera, Diana"]
[Result "1/2-1/2"]
[WhiteElo "1614"]
[BlackElo "1458"]
[PlyCount "121"]
[EventDate "2015.08.22"]
[EventType "swiss"]
[EventRounds "9"]
[EventCountry "VEN"]
[SourceTitle "EXT 2018"]
[Source "ChessBase"]
[SourceDate "2017.10.13"]
[SourceVersion "1"]
[SourceVersionDate "2017.10.13"]
[SourceQuality "1"]

1. c4 c5 2. Nf3 d6 3. Nc3 Nf6 4. d4 b6 5. g3 Bb7 6. Bg2 h6 7. 0-0 Qd7 8. Be3 e6 9. dxc5 dxc5 10. Ne5 Qxd1 11. Rfxd1 Bxg2 12. Kxg2 Be7 13. Nb5 Bd8 14. Rd2 0-0 15. Rad1 Na6 16. Nc6 Bc7 17. a3 Ng4 18. Bf4 e5 19. Be3 Bb8 20. Nxb8 Rfxb8 21. Rd7 Nf6 22. Rxa7 Rxa7 23. Nxa7 Rb7 24. Nc6 Ng4 25. Bc1 Nb8 26. Nxb8 Rxb8 27. b4 Rc8 28. Bb2 e4 29. h3 Nf6 30. bxc5 Rxc5 31. Bd4 Rxc4 32. Bxb6 Ra4 33. Ra1 Nd5 34. Bc5 Nc3 35. e3 Nb5 36. Kf1 g5 37. Kg2 f5 38. f4 exf3+ 39. Kxf3 g4+ 40. hxg4 fxg4+ 41. Kf2 Nc3 42. Bd4 Ne4+ 43. Kg2 Nd2 44. Ra2 Nc4 45. Bc5 Ne5 46. Bb4 Nd3 47. Bd2 Nc5 48. e4 Nxe4 49. Bxh6 Nc5 50. Bc1 Nd3 51. Bg5 Nb4 52. Rb2 Nd3 53. Rb3 Nc5 54. Re3 Kf7 55. Be7 Ne6 56. Bb4 Nd4 57. Re4 Nc2 58. Rf4+ Ke6 59. Rxg4 Ne3+ 60. Kf3 Nxg4 61. Kxg4 1/2-1/2